000 01179nam a2200289 i 4500
001 162900
003 ES-MaACL
005 20251014063234.0
008 940615s1892 sp a |||| | spa d
080 _a295.4
080 _a94(354)
080 _a94(355)
100 1 _aRagozin, Zenaïde Alexeïevna,
_d1835-1924
_9131566
245 1 0 _aMedia, Babilonia y Persia :
_bdesde la caída de Nínive hasta las guerras médicas ; con un estudio del Zend-Avesta o religión de Zoroastro /
_cpor Zenaïda A. Ragozin ; version española con ampliaciones y notas por Manuel Sales Ferré.
260 _aMadrid :
_bEl Progreso Editorial,
_c1892.
300 _aXXII, 437 p., [85] h. de lám. :
_bil ;
_c22 cm.
490 1 _aHistoria de las naciones
597 _aJunto con XVI p. de propaganda ed.
599 _aLám. e il.: arte babilonio y persa.
650 4 _aZoroastrismo.
_9147503
651 4 _aBabilonia (Ciudad desaparecida)
_9146672
651 4 _aIrán-
_xHistoria-
_yHasta 640.
_9152732
700 1 _aSales Ferré, Manuel.
_9101880
830 1 _aHistoria de las naciones
_9182232
852 _aES-MaACL
_jC-3268
_z- Enc. tela grabada
999 _c162900
_d162900